Black Friday / (Record no. 2587)

MARC details
000 -LEADER
fixed length control field 00934nam a22002297a 4500
005 - DATE AND TIME OF LATEST TRANSACTION
control field 20240103133725.0
020 ## - INTERNATIONAL STANDARD BOOK NUMBER
International Standard Book Number 9780340999240
040 ## - CATALOGING SOURCE
Original cataloging agency FISKH
Language of cataloging eng
Transcribing agency FISKH
Modifying agency FISKH
050 ## - LIBRARY OF CONGRESS CALL NUMBER
Classification number PZ7.M894
082 ## - DEWEY DECIMAL CLASSIFICATION NUMBER
Classification number 823.92
100 ## - MAIN ENTRY--PERSONAL NAME
Personal name Machamore, Robert
245 ## - TITLE STATEMENT
Title Black Friday /
Statement of responsibility, etc. Robert Muchamore
250 ## - EDITION STATEMENT
Edition statement This paperback edition published in 2014
260 ## - PUBLICATION, DISTRIBUTION, ETC.
Place of publication, distribution, etc. London :
Name of publisher, distributor, etc. Hodder Children's Books,
Date of publication, distribution, etc. 2013
300 ## - PHYSICAL DESCRIPTION
Extent 384 pages :
Dimensions 20 cm
505 ## - FORMATTED CONTENTS NOTE
Formatted contents note U
520 ## - SUMMARY, ETC.
Summary, etc. Ryan is about to board a plane, knowing that the next twenty-four hours will change everything. His mission is to stop the biggest terrorist attack America's ever seen. Ryan works for CHERUB, a secret organisation with one key advantage: even a trained terrorist won't suspect that a teenager is spying on them. For official purposes, these children do not exist.
521 ## - TARGET AUDIENCE NOTE
Target audience note 980
Source Lexile
521 ## - TARGET AUDIENCE NOTE
Target audience note U
Source Raz-Plus
942 ## - ADDED ENTRY ELEMENTS (KOHA)
Source of classification or shelving scheme Dewey Decimal Classification
Koha item type Books
Suppress in OPAC No
999 ## -
-- 2587
-- 2587
Holdings
Withdrawn status Lost status Source of classification or shelving scheme Damaged status Not for loan Collection Home library Current library Shelving location Date acquired Total Checkouts Full call number Barcode Date last seen Date last checked out Price effective from Koha item type
    Dewey Decimal Classification     Fiction Footprints International School Library Network Toul Tom Poung Campus Footprints International School Library Network Toul Kork Campus TTP Secondary Fiction Bookshelves 01/03/2024 3 MUC 823.92 PZ7.M894 FISSE01867 12/03/2025 11/19/2025 01/03/2024 Books